| 000 | 00973cam a2200253 i 4500 | ||
|---|---|---|---|
| 999 |
_c64272 _d64272 |
||
| 005 | 20240530110723.0 | ||
| 008 | 160314s2017 ua ab f b 001 0 eng c | ||
| 020 | _a9789774168147 | ||
| 040 |
_aEG-CaGPL _cEG-CaGPL |
||
| 082 | 0 | 4 |
_a932 / _bL G/CC _221 |
| 100 | 1 |
_aLehner, Mark, _eauthor. |
|
| 245 | 1 | 0 |
_aGiza and the Pyramids : _bThe Definitive History / _cMark Lehner and Zahi Hawass. |
| 260 |
_a :Cairo _bThe American University in Cairo Press, _c2017. |
||
| 300 |
_a560 pages : _billustrations (chiefly color), maps (chiefly color) ; _c29 cm |
||
| 504 | _aIncludes bibliographical references (pages 537-542) and index. | ||
| 650 | 0 | 7 |
_aPyramids of Giza (Egypt) _2qrmak |
| 650 | 0 | 7 |
_aTombs _zEgypt _zJīzah. _2qrmak |
| 651 | 0 | 7 |
_aEgypt _xAntiquities. _2qrmak |
| 700 | 1 |
_aHawass, Zahi A., _eauthor. |
|
| 942 |
_2ddc _cBK |
||
| 906 |
_a7 _bcbc _corignew _d1 _eecip _f20 _gy-gencatlg |
||